Η προβολή και η διαφήμιση ως εργαλείο ανάπτυξης του συνεδριακού τουρισμού στην πόλη της Θεσσαλονίκης : διπλωματική εργασία

Αποθηκεύτηκε σε:
Λεπτομέρειες βιβλιογραφικής εγγραφής
Κύριος συγγραφέας: Ανθόπουλος, Βασίλειος
Συγγραφή απο Οργανισμό/Αρχή: Ελληνικό Ανοικτό Πανεπιστήμιο Σχολή Κοινωνικών Επιστημών
Άλλοι συγγραφείς: Σταυρινούδης, Θεόδωρος (Εισηγητής διατριβής)
Μορφή: Thesis Βιβλίο
Γλώσσα:Greek
Δημοσίευση: 2007
Θέματα:
Ετικέτες: Προσθήκη ετικέτας
Δεν υπάρχουν, Καταχωρήστε ετικέτα πρώτοι!

MARC

LEADER 00000cam a2200000 i 4500
001 1/58785
008 071016s2007 gre d
035 |l 10091547 
040 |a GR-MY-UA  |b gre  |e aacr 
041 0 |a gre 
082 0 |a 338.47910949565  |2 (22) 
100 1 |a Ανθόπουλος, Βασίλειος. 
245 1 2 |a Η προβολή και η διαφήμιση ως εργαλείο ανάπτυξης του συνεδριακού τουρισμού στην πόλη της Θεσσαλονίκης :  |b διπλωματική εργασία /  |c Ανθόπουλος Βασίλειος ; επιβλέπων καθηγητής Σταυρινούδης Θεόδωρος 
260 |c 2007 
300 |a 176 σ.;  |b διαγρ., πίν.;  |c 30 εκ. 
502 |a Διατριβή (μεταπτυχιακή) – Πανεπιστήμιο Αιγαίου, Χίος, 2007. 
504 |a Περιλαμβάνει βιβλιογραφία 
610 2 0 |a Ελληνικό Ανοικτό Πανεπιστήμιο. 
650 0 0 |a Tourism  |x Congresses  |z Greece  |z Thessalonike. 
650 0 |a Tourism  |z Greece  |z Thessalonike  |x Marketing. 
650 0 0 |a Dissertations, Academic  |z Greece. 
651 0 |a Thessaly (Greece)  |x Description and travel. 
700 1 |a Σταυρινούδης, Θεόδωρος.  |4 ths 
710 2 |a Ελληνικό Ανοικτό Πανεπιστήμιο  |b Σχολή Κοινωνικών Επιστημών. 
852 |a INST  |b CHIOS  |c DIATR  |e 20071016  |h 338.47910949565 ΑΝΘ  |p 005200028772  |q 005200028772  |t MTXE  |y 23 
901 |a BIBL2-2007-3 
909 |a Χ  |b 131274 
924 |a ΣΤΑΥΡΙΝΟΥΔΗΣ  |b ΘΕΟΔΩΡΟΣ  |y ΧΙΟΣ  |z 2007-10 
970 |a ΒΑΣΙΛΑΚΗ  |b ΝΙΚΗ  |z 2007/10/16